| 000 | 00404nam a2200181Ia 4500 | ||
|---|---|---|---|
| 008 | 210210b1949 xxu||||| |||| 00| 0 eng d | ||
| 041 | _aeng | ||
| 082 | _a821/958 | ||
| 100 | _aSHAW (Bernard) | ||
| 245 | _aAndrocles and the Lion | ||
| 260 |
_aUSA _bPenguin Books _c1949 |
||
| 650 | _athe | ||
| 650 | _aLion | ||
| 650 | _aAndrocles | ||
| 650 | _aand | ||
| 690 | _aEnglish Drama | ||
| 906 | _a012124 | ||
| 999 |
_c130875 _d130875 |
||